Statistics for Italian Cities From A Picture

Click here to take the quiz!

General Stats

  • This quiz has been taken 44 times
  • The average score is 10 of 16

Answer Stats

Answer% Correct
Milan
98%
Rome
98%
Venice
98%
Florence
95%
Pisa
90%
Naples
88%
Turin
88%
Bologna
80%
Palermo
75%
Verona
55%
Trieste
48%
Padua
45%
Genova
28%
Ferrara
20%
Salerno
18%
Livorno
10%

Score Distribution

Percentile by Number Answered

Percent of People with Each Score

Your Score History

You have not taken this quiz